|
|
|
|
| LEADER |
01180nam a2200253 a 4500 |
| 001 |
1964624 |
| 008 |
100309s1988 cauaf b 001 0 eng d |
| 010 |
|
|
|a \\\88014479
|
| 020 |
|
|
|a 0805304129
|
| 040 |
|
|
|a DLC
|c DLC
|d DLC
|d BD-DhAAL
|
| 082 |
0 |
0 |
|a 621.381/73
|2 19
|
| 245 |
0 |
0 |
|a Physical design automation of VLSI systems /
|c edited by Bryan T. Preas and Michael J. Lorenzetti ; Bryan D. Ackland ... [et al.].
|
| 260 |
|
|
|a Menlo Park, Calif. :
|b Benjamin/Cummings Pub. Co.,
|c c1988.
|
| 300 |
|
|
|a ix, 510 p., [4] p. of plates :
|b ill. (some col.) ;
|c 24 cm.
|
| 504 |
|
|
|a Includes bibliographies and index.
|
| 541 |
1 |
|
|e 00019867
|
| 650 |
|
0 |
|a Integrated circuits
|x Computer-aided design.
|
| 700 |
1 |
|
|a Preas, Bryan T.
|
| 700 |
1 |
|
|a Lorenzetti, Michael J.
|
| 700 |
1 |
|
|a Ackland, Bryan D.
|
| 852 |
4 |
|
|a Ayesha Abed Library
|j General Shelf
|
| 999 |
|
|
|c 7737
|d 7737
|
| 952 |
|
|
|0 0
|1 0
|2 ddc
|4 0
|6 621_381730000000000_PHY_1988
|7 0
|9 8518
|a BRACUL
|b BRACUL
|c GEN
|d 2010-03-09
|l 2
|m 17
|o 621.38173 PHY
|p 3010019867
|r 2016-08-14
|s 2016-05-12
|t 1
|w 2010-03-09
|y BK
|
| 952 |
|
|
|0 0
|1 0
|2 ddc
|4 0
|6 621_381730000000000_PHY_1988
|7 0
|9 8519
|a BRACUL
|b BRACUL
|c GEN
|d 2010-03-09
|l 0
|o 621.38173 PHY
|p 3010019868
|r 2010-03-09
|t 2
|w 2010-03-09
|y BK
|